Zmena registrácie platiteľa (tzv. preregistrácia) - novela zákona o DPH od 1.1.2016

Pri uplatňovaní DPH v praxi je dôležité poznať status zdaniteľnej osoby. Zmena registrácie zo zahraničného platiteľa dane na tuzemského platiteľa dane. Zmena registrácie z tuzemského platiteľa dane na zahraničného platiteľa dane. Príklady z praxe.

Saved in:
Bibliographic Details
Main Author: Rabatinová, Marcela, 1977-
Format: Book Chapter
Language:Slovak
Subjects:
Tags: Add Tag
No Tags, Be the first to tag this record!

MARC

LEADER 00000naa a2200000 4500
001 0213615
005 20240502073550.6
041 0 |a slo 
044 |a SK 
245 1 0 |a Zmena registrácie platiteľa (tzv. preregistrácia) - novela zákona o DPH od 1.1.2016  |c Marcela Rabatinová 
520 |a Pri uplatňovaní DPH v praxi je dôležité poznať status zdaniteľnej osoby. Zmena registrácie zo zahraničného platiteľa dane na tuzemského platiteľa dane. Zmena registrácie z tuzemského platiteľa dane na zahraničného platiteľa dane. Príklady z praxe. 
610 2 0 |a dane 
610 2 0 |a dane z hodnoty pridanej 
610 2 0 |a daňovníci 
610 2 0 |a cudzinci 
610 2 0 |a registrácia 
610 2 0 |a úrady daňové 
610 2 0 |a legislatíva 
610 2 0 |a novelizácia 
100 1 |a Rabatinová, Marcela, 1977-